載入...

International trade policy

書目詳細資料
主要作者: Grimwade, Nigel
格式: Printed Book
語言:Undetermined
出版: London Routledge 1996
LEADER 00510nam a2200145Ia 4500
008 161229s9999 xx 000 0 und d
020 |a 0415068797 
082 |a 382 GRI/IN 
100 |a Grimwade, Nigel  
245 |a International trade policy  
260 |b Routledge  |a London  |c 1996 
300 |a x, 386 
942 |c BK 
999 |c 151861  |d 151861 
952 |0 0  |1 0  |4 0  |6 382_000000000000000_GRIIN  |7 0  |9 150918  |a KAUCLV  |b KAUCLV  |d 2016-12-29  |o 382 GRI/IN  |p 903170  |r 2016-12-29  |w 2016-12-29  |y BK  |z Book transferred from CCBM Library ,Acc.No:8432